Geography Quiz #1 - Statistics

General Stats
  • This quiz has been taken 23 times
  • The average score is 8 of 10
Answer Stats
Question Answer % Correct
How many capitals does Mongolia have? 1
96%
What was Myanmar’s old name? Burma
96%
How many capitals dos Bolivia have? 2
91%
What country is in Asia? Yemen
91%
What handiest has the most native speakers? Mandarin
78%
What is the largest country in Africa Algeria
74%
What country is the smallest? San Marino
74%
What country emits the most CO^2 annually? China
70%
What country had the most people vote in a election? India
52%
What African country is majority Muslim. Nigeria
48%
No matching quizzes found
Score Distribution
Percent of People with Each Score
Percentile by Number Answered
Your Score History
You have not taken this quiz